Movies Quiz

Random Movies or Actor Quiz

What Movie? Long Haired Actors Quiz Stats

 Plays Quiz Updated Jul 9, 2017

Support Sporcle.
Go Orange.
Score 0/25 Timer 06:00
3 Plays Today
% Correct
Pulp Fiction
94.2%
Braveheart
93.2%
The Lord of the Rings: The Fellowship of the Ring
89.6%
Rambo III
87.9%
Wayne's World
82.1%
Conan the Destroyer
80.8%
Twilight
71.8%
10 Things I Hate About You
70.3%
The Last Samurai
69.2%
Robin Hood: Prince of Thieves
67.3%
Star Wars: Episode I - The Phantom Menace
66.8%
Con Air
62.1%
21 Jump Street
61.8%
% Correct
The Crow
61.1%
Zoolander
58.6%
The Man in the Iron Mask
58.6%
The Last of the Mohicans
57.6%
Fast Times at Ridgemont High
54.1%
Serpico
48.9%
Get Him to the Greek
48.8%
Rush
42.2%
Desperado
40.4%
Blow
38.1%
Limitless
36.3%
Legends of the Fall
35.9%

You're not logged in!

Compare scores with friends on all Sporcle quizzes.
OR
Log In
Forgot?

From the Vault

'A' Named Bands & Musicians

by prockstar83

These are all the musicians who come first in the dictionary.
Remove Ads.
Support Sporcle.
Get the best of Sporcle when you Go Orange. This ad-free experience offers more features, more stats, and more fun while also helping to support Sporcle. Thank you for becoming a member.

Show Comments

Extras

Top Quizzes Today


Score Distribution

Your Account Isn't Verified!

In order to create a playlist on Sporcle, you need to verify the email address you used during registration. Go to your Sporcle Settings to finish the process.

Report this User

Report this user for behavior that violates our Community Guidelines.

Details: